[Event "Gashimov Memorial 5th"]
[Site "Shamkir"]
[Date "2018.04.23"]
[Round "5"]
[White "Carlsen, Magnus"]
[Black "Wojtaszek, Radoslaw"]
[Result "1-0"]
[WhiteElo "2843"]
[BlackElo "2744"]
[Annotator "Nielsen,Peter Heine"]
[PlyCount "61"]
[EventDate "2018.04.19"]
[EventType "tourn"]
[EventRounds "9"]
[EventCountry "AZE"]
[EventCategory "21"]
[SourceTitle "CBM 184"]
[Source "ChessBase"]
[SourceDate "2018.05.16"]
[SourceVersion "1"]
[SourceVersionDate "2018.05.16"]
[SourceQuality "1"]

{The tournament in general, but for Magnus especially had a very quiet start with Topalov's win over Navara being the only deceisive game. The pairings gave Magnus 3 Blacks vs. the Azeri players not leaving much scope for creativity, however in round 5 things were about to change:} 1. e4 {Quintiliano,R} c5 {Radek stays loyal to his compratiot inviting his favourite Najdorf variation.} 2. Nc3 d6 {Najdorf players have to use this move order as e.g.} (2... Nc6 {can be met by} 3. Nf3 $1 {intending 4.d4.}) 3. d4 cxd4 4. Qxd4 {A nice and fitting touch, as this move order vs. the Sicilian was favoured by Vugar Gashimov.} Nc6 5. Qd2 $5 {Magnus unleashes a rare and original concept, completely novel at top level. During Wijk Aan Zee 2017 I received an email from Greek IM Ioannis Simeonidis suggesting this setup as an interesting anti-Najdorf concept and offered it to Magnus to test his concept! At first it reminded me of Greek hubris. After all how likely is it that you can come up with a meaningful and new setup at move 5 in one of the most tested openings historically in chess? GM, Khenkin, the commentator at the event formulated it with classic Soviet iron chess logic: "Chess-wisdom suggests only moving each piece once in the opening, especially the queen, however the World Champion seem to have his own rules". First sight however is deceptive: White has an interesting concept in mind, and very similarly to Fischer-Random chess the players now have to adapt to problems completely untested previously in practice.} Nf6 {Logical and common-sense, but Ofitserian took a much more concrete approach when facing Paravyan in the Russian Junior championship 4 days later harassing the white queen with} (5... g6 6. b3 Bh6 $5 {White however did not budge and went} 7. f4 Nf6 8. Bb2 e5 {Quintiliano,R: '?!'} (8... O-O $142 {Quintiliano,R} 9. O-O-O a5 10. Bb5 Qb6 $132) 9. g3 O-O 10. O-O-O {and won a complex fight. This is what fascinates the most with Simeonidis variation, that an oasis of creativity existed in territory believed to have been long mapped out.}) 6. b3 e6 {On the same day in the Budapest Spring Open but 3 hours later due to the time difference, Kotronias faced} (6... g6 {but got an excellent position after} 7. Bb2 Bg7 8. O-O-O O-O 9. f3 Qa5 10. Kb1 Be6 11. Nge2 {As in the actual game it's noteworthy that the surprised player acts with typical Sicilian moves, while in the game played 4 days later, Ofitserian most likely influenced by the computer, tried a setup aimed specifically at the possible defects of White's concept.}) 7. Bb2 a6 {Again typical Sicilian style.} ({Quintiliano,R: 'Knowing how the game goes,'} 7... d5 $5 {intending ...b4 was a more concrete approach. Quintiliano,R: 'maybe is a worthy try'} 8. exd5 {Quintiliano,R} exd5 9. O-O-O Be6 10. Nge2 Qa5 {The point is that despite the isolated pawn, Black has open lines and more freedom to develop the pieces} 11. Kb1 Bc5 12. Nf4 O-O-O $13) 8. O-O-O b5 9. f3 {The position reminds one of a Rauzer, however the white bishop being on b2 and the knight on g1 instead of d4! At first this sounds considerably more passive from whites perspective, but the bishop on b2 not only attacks in the long diagonal but also provides additional safety for the white king. While a knight on d4 would just be exchanged now on g1 it can consider various routes of attack.} h5 $6 {Preventing g4 makes perfect sense, but} (9... Be7 10. Kb1 {is the obvious reply, but then after} (10. g4 Nxg4 $1 {is a nice trick as} 11. fxg4 Bg5 {wins the white queen.}) 10... h5 {Black has a slightly improved version of the game.} (10... O-O {Quintiliano,R} 11. g4 Bb7 {with typical and double-edged Sicilian positions, despite there are some differences of normal lines, the b2 being the most clear one, Black should have the usual counterplay ideas.})) ({RR} 9... Be7 10. Kb1 O-O 11. g4 Nd7 12. Nge2 Bb7 13. Ng3 b4 14. Na4 Nc5 15. Nh5 e5 16. Bc4 Nxa4 17. bxa4 Na5 18. Bb3 Rc8 19. Ng3 Qc7 20. Nf5 Rfd8 21. Nxe7+ Qxe7 22. Qxb4 Qc7 23. Rd2 d5 24. Bxe5 {Vallejo Pons,F (2704)-Warmerdam,M (2600) Germany 2022 1-0 (38)}) 10. Nh3 $1 {Till this move, the general concept was mapped out in preparation, but here the World Champion demonstrates his level, adopting to the specifics of the position excellently. The g5-square very rarely being a relevant square for a white knight in the Scheveningen style Sicilian is of no importance. Like in chess 960 what matters is adapting to the new situation, and the combination of Black's last move weakening the g5-square and White's knight being on g1 prompted this unusual approach.} ({RR} 10. Nge2 Bb7 11. Kb1 Qb6 12. Nd4 Nxd4 13. Qxd4 Qxd4 14. Rxd4 d5 15. exd5 exd5 16. Rd1 O-O-O 17. Ne2 Ne8 18. Nd4 Rg8 19. g3 g6 20. Bh3+ Kb8 21. Rhe1 Bb4 22. Re2 Nc7 23. a3 Bd6 24. Rde1 h4 {Colville,J (2248)-Yudasin,L (2290) New York USA 2025 ½-½ (71)}) 10... Be7 $146 ({RR} 10... Bb7 11. Ng5 Qa5 12. Kb1 Rc8 13. Bd3 Be7 14. f4 Nb4 15. Rhe1 O-O 16. a3 Nxd3 17. cxd3 Qb6 18. Ne2 d5 19. e5 Ng4 20. Nd4 Bc5 21. Ngf3 b4 22. a4 Nxh2 23. f5 Nxf3 24. gxf3 exf5 25. Qf4 {Ollier,M (2227)-Gao,E (2306) Avoine 2019 1-0 (35)}) ({RR} 10... Bb7 11. Ng5 Rc8 12. Kb1 Be7 13. f4 Qa5 14. Be2 O-O 15. Bf3 Rc7 16. Rhe1 b4 17. Ne2 Rfc8 18. h4 Na7 19. a4 d5 20. e5 Ne4 21. Bxe4 dxe4 22. Nd4 Bxg5 23. hxg5 Bd5 24. Qe2 g6 25. g4 {Kraus,T (2463)-Kozak,A (2458) Radenci 2019 ½-½ (36)}) 11. Ng5 h4 $6 {Again logical and typical, however for this specific position just not very relevant.} 12. f4 Bb7 13. Kb1 Rc8 14. Be2 $1 Qc7 15. Rhe1 $1 {While White's two last moves might appear unimpressive, e2 almost feeling passive, looks are again deceptive. White quietly finishes his development in essence claiming he can improve his position meaningfully before the eventual confrontation, while Black cannot. Black's position is much worse than it looks. Normally ...b4 and ...a5 would create counterplay, exchange sacrifices on c3 being part of the equation, but with the white bishop being on b2 such action by Black would be completely pointless, and ...b4 simply being answered by a white a3. Especially the knight at c6 seems misplaced blocking both the bishop on b7 and the rook on c8. The relevant question would be, why did Black put it there? But who could resist free development harassing the opponent's queen at move 4?} Nh7 16. Nxh7 Rxh7 17. g4 $6 {At the press conference Magnus explained that he saw the indeed crushing 17.d5! but thought his position so dominating that sacrifices were not even neccesary.} (17. Nd5 $1 {Still the knight sacrifice was the best way, as after} exd5 18. exd5 {Black's position is close to hopeless as giving back the piece is positional bankruptcy, but} Nb8 {loses instantly to} 19. Bd3 $1 {with} Rh5 20. Rxe7+ $1 {being the principal tactical point.}) 17... hxg3 18. hxg3 Bf6 19. Bd3 Rh8 20. g4 $6 {A strange coincidence. Magnus' only inaccuracy in the game was g4; unfortunately it was possible to play twice! Unlike move 17 here simplicity was in order, figthing for the open file with} (20. Rh1 $1 {would have given an overwhelming edge.}) 20... Nd4 21. Re3 Kf8 22. Ne2 $1 Nxe2 23. Rxe2 {Despite the exchanges of minor pieces, the difference in king safety still gives White the much more pleasant position.} Bc3 $2 (23... Bxb2 24. Kxb2 Qc5 $1 {was Black's best chance to minimise the damage, but in time pressure Radek finally goes astray.} (24... Rh4 $1 {Quintiliano,R} 25. g5 Qc5 {[%cal Yc5d4]} 26. Kb1 (26. Rh2 Rxh2 27. Qxh2 Ke7 28. Kb1 Qe3 $132) 26... d5 $5 27. exd5 Bxd5 28. Rh2 Rxh2 29. Qxh2 g6 $14 {despite White's position still looking easier, Black is fighting well and has real chances to equalise.})) 24. Bxc3 Qxc3 25. Qe3 Rc5 {Allows a tactical blow, but after} (25... Qc5 26. Qg3 {Black is passive without counterplay while f5 and g5 follow for White with an overwhelming edge.}) 26. e5 $1 dxe5 27. fxe5 Rh1 28. Rxh1 Bxh1 29. Rh2 Rxe5 ({If} 29... Bb7 {then} 30. Rh8+ Ke7 31. Qg5+ {mates.}) 30. Rh8+ $1 Ke7 31. Qa7+ {And with 32.xh1 following next, Black being a piece down resigned. Magnus' shift of pace not only lasted to the upcoming free day's soccer tournament scoring all 6 six goals for the winning team, but also for the remainder of the tournament with crucial wins over first the leader Topalov and then with the black pieces against Anish Giri eventually securing overall victory.} 1-0

[Event "Gashimov Memorial 5th"]
[Site "Shamkir"]
[Date "2018.04.25"]
[Round "6"]
[White "Karjakin, Sergey"]
[Black "Carlsen, Magnus"]
[Result "1/2-1/2"]
[WhiteElo "2778"]
[BlackElo "2843"]
[PlyCount "59"]
[EventDate "2018.04.19"]
[EventType "tourn"]
[EventRounds "9"]
[EventCountry "AZE"]
[EventCategory "21"]
[SourceTitle "CBM 184"]
[Source "ChessBase"]
[SourceDate "2018.05.16"]
[SourceVersion "1"]
[SourceVersionDate "2018.05.16"]
[SourceQuality "1"]

1. e4 e5 2. Nf3 Nc6 3. Bb5 a6 4. Ba4 Nf6 5. O-O Be7 6. Re1 b5 7. Bb3 O-O 8. c3 d5 9. exd5 Nxd5 10. Nxe5 Nxe5 11. Rxe5 c6 12. d3 Bd6 13. Re1 Bf5 14. Qf3 Qh4 15. g3 Qh3 16. Be3 Bxd3 17. Nd2 Qf5 18. Bd4 Rfe8 19. a4 Kf8 20. h4 h6 $146 ({RR} 20... Rxe1+ 21. Rxe1 f6 22. Qxf5 Bxf5 23. c4 Nb4 24. axb5 axb5 25. cxb5 cxb5 26. Rc1 Nd3 27. Rc6 Be5 28. Be3 Ra1+ 29. Kh2 Bd7 30. Rc2 Ne1 31. Rc5 Nd3 32. Rc2 Ne1 33. Rc5 Nd3 {½-½ (33) Vachier Lagrave,M (2796)-Carlsen,M (2832) Paris 2017}) 21. Qxf5 Bxf5 22. Rxe8+ Rxe8 23. axb5 axb5 24. Ra6 Ne7 25. Be3 Kg8 26. Ba2 Rd8 27. Bb6 Re8 28. Be3 Rd8 29. Bb6 Re8 30. Be3 1/2-1/2

[Event "Gashimov Memorial 5th"]
[Site "Shamkir"]
[Date "2018.04.28"]
[Round "9"]
[White "Carlsen, Magnus"]
[Black "Ding, Liren"]
[Result "1/2-1/2"]
[WhiteElo "2843"]
[BlackElo "2778"]
[PlyCount "53"]
[EventDate "2018.04.19"]
[EventType "tourn"]
[EventRounds "9"]
[EventCountry "AZE"]
[EventCategory "21"]
[SourceTitle "CBM 184"]
[Source "ChessBase"]
[SourceDate "2018.05.16"]
[SourceVersion "1"]
[SourceVersionDate "2018.05.16"]
[SourceQuality "1"]

1. e4 e5 2. Nf3 Nc6 3. Nc3 Nf6 4. Bb5 Nd4 5. Nxd4 exd4 6. e5 dxc3 7. exf6 Qxf6 8. Qe2+ Qe7 9. dxc3 Qxe2+ 10. Kxe2 Bc5 11. Be3 Bxe3 12. Kxe3 c6 13. Bd3 d5 14. Rae1 ({RR} 14. c4 Be6 15. cxd5 Bxd5 16. f3 O-O-O 17. Rhe1 Rhe8+ 18. Kf2 h6 19. a3 Kc7 20. Rxe8 Rxe8 21. Re1 Rxe1 22. Kxe1 {½-½ (22) Galperin,P (2494)-Sivuk,V (2501) Upplands Vasby SWE 2025}) 14... Ke7 $146 ({RR} 14... Be6 15. f4 O-O-O 16. Kd2 Rde8 17. Re5 Kc7 18. Rhe1 Kd6 19. Bf5 Bd7 20. Bxd7 Kxd7 21. Kd3 Rxe5 22. Rxe5 Re8 23. Rxe8 Kxe8 24. c4 dxc4+ 25. Kxc4 Kd7 26. Kd4 Kd6 27. c4 {½-½ (27) Cortlever,N-Szabo,L Zaandam 1946}) 15. c4 dxc4 16. Bxc4 Rd8 17. Rd1 Be6 18. Bxe6 Kxe6 19. Rhe1 Rxd1 20. Rxd1 Re8 21. f4 f5 22. Kf3 Re7 23. Re1+ Kf6 24. Rd1 Ke6 25. Re1+ Kf6 26. Rd1 Ke6 27. Re1+ 1/2-1/2

[Event "Norway Chess 6th"]
[Site "Stavanger"]
[Date "2018.05.28"]
[Round "1"]
[White "Carlsen, Magnus"]
[Black "Caruana, Fabiano"]
[Result "1-0"]
[WhiteElo "2843"]
[BlackElo "2822"]
[Annotator "Mekhitarian,Krikor Sevag"]
[PlyCount "153"]
[EventDate "2018.05.28"]
[EventType "tourn"]
[EventRounds "9"]
[EventCountry "NOR"]
[EventCategory "22"]
[SourceTitle "CBM 185"]
[Source "ChessBase"]
[SourceDate "2018.07.13"]
[SourceVersion "1"]
[SourceVersionDate "2018.07.13"]
[SourceQuality "1"]

1. e4 e5 2. Bc4 {The Bishop's Opening, played five times by Magnus Carlsen in classical games. It fits his style, since a positional battle begins, and there is not much theory. In 2014, the very same Fabiano Caruana with Black beat Carlsen in the Sinquefield Cup.} Nf6 3. d3 c6 4. Nf3 (4. Qe2 Be7 (4... d5 $1 $36 {is the best way to deal with e2}) 5. Nf3 d6 6. c3 Nbd7 7. Bb3 O-O 8. O-O a5 9. d4 a4 10. Bc2 Re8 11. Re1 Bf8 12. Qd1 b5 $17 {with a balanced middlegame, the reigning world champion scored a win over world's number 1 woman, Hou Yifan. 1-0 (61) Carlsen,M (2843)-Hou,Y (2654) Karlsruhe/Baden-Baden 2018}) 4... d5 5. Bb3 Bb4+ $1 {The main move here. Black provokes the c2-c3 advance, so White loses the option to play c3 at a later stage. Carlsen played 6.c3 in the aforementioned game.} 6. Bd2 {This is another way to play it.} (6. c3 {happened in the aforementioned game, between these two players back in 2014.} Bd6 7. Bg5 dxe4 8. dxe4 h6 9. Bh4 Qe7 10. Nbd2 Nbd7 11. Bg3 Bc7 12. O-O Nh5 13. h3 $6 Nxg3 14. fxg3 Nc5 15. Bxf7+ {Black was able to stop this pseudo-initiative and converted the game on move 34} Kxf7 16. Nxe5+ Kg8 17. Ng6 Qg5 18. Rf8+ Kh7 19. Nxh8 Bg4 20. Qf1 Nd3 21. Qxd3 Rxf8 22. hxg4 Qxg4 $17 {0-1 Carlsen,M (2877)-Caruana,F (2801) Sinquefield Cup 2nd 2014 (3)}) 6... Bxd2+ 7. Nbxd2 a5 {Threatening the old and good bishop trap with ...a4. I only found one high-level reference in classical games here, where White played 8.a3.} 8. c3 (8. a3 a4 9. Ba2 Nbd7 10. O-O O-O 11. Re1 Re8 12. d4 {Trying to start central play did not lead to any advantage for White:} exd4 13. exd5 Rxe1+ 14. Qxe1 cxd5 {Black has the isolated pawn, but has well placed pieces (...f8-e6 is a possible plan) and a b2-pawn to attack with ...b6} 15. Nb1 $2 {too slow} (15. Nxd4 {was possible} Qb6 16. Nf5 Qxb2 17. Ne7+ Kf8 18. Nxd5 Nxd5 19. Bxd5 Qd4 $11 {followed by ...f6}) 15... d3 $6 (15... Nb8 $1 16. Nxd4 Nc6 $17 {would give a nice advantage for Black}) 16. cxd3 Nc5 17. d4 Nce4 18. Nc3 Be6 $11 {½-½ (27) Shirov,A (2713)-Rodshtein,M (2641) Rogaska Slatina 2011}) 8... Nbd7 9. exd5 {A typical reaction, when Back develops his knight to d7. It is logical, because now Black can not play ...c6 anymore, an ideal move whenever the c6-pawn goes to d5.} cxd5 {[%csl Rd7][%cal Rb8c6]} 10. O-O O-O 11. Re1 Re8 12. Nf1 $146 ({RR} 12. Ba4 Re7 13. Bxd7 Nxd7 14. c4 d4 15. Ne4 Nf8 16. Rc1 f6 17. a3 a4 18. Rb1 Ng6 19. b4 axb3 20. Qxb3 Kh8 21. a4 Bf5 22. Ng3 Bg4 23. Nd2 Qa5 24. Nde4 Qxa4 25. Qxa4 Rxa4 26. Nc5 Ra7 {Cooper,L (2317)-Banusz,T (2563) Warsaw 2011 0-1 (44)}) 12... b5 13. a4 $5 b4 14. cxb4 axb4 {We have already reached a very imbalaced position, starting from a very modest opening.} 15. Ne3 Bb7 16. d4 $1 {A very nice concept from the World Champion, as we shall see:} e4 17. Ne5 Nxe5 (17... Rxe5 $5 {was playable, but it hardly looks like Black is already in need to give away an exchange.} 18. dxe5 Nxe5 19. Qd4 Nc6 20. Qd2 d4 21. Nf5 Ra5 $1 22. Ng3 Re5 $44 {With a very original position. It looks very shaky for Black, but the central pawns are strong, giving good compensation.}) 18. dxe5 Rxe5 19. Qd4 Re7 20. Rac1 $1 {Getting the pawn back with 20.xb4 was possible, but the whole concept of sacrificing a pawn in a seemingly normal position just goes to show how brilliant Carlsen is sometimes.} (20. Qxb4 Bc6 {[%cal Re7b7] The main downside for taking the pawn is the bishop on b3 that becomes loose now. Ideally, you want to place your minor pieces in a way they can't be attacked easily.} 21. Qd4 Rb7 22. Rec1 {We have a similar position compared to the game, but here Black is in full control of the b-file and should equalise:} Qb6 23. Qxb6 Rxb6 24. a5 Rxb3 25. Rxc6 Rxb2 26. Rd6 $11 {Black is a pawn up, but he will soon lose it, when the endgame will be simply equal.}) 20... Rd7 21. Red1 (21. Qxb4 $2 {doesn't make sense now:} d4 $17) 21... h6 22. Rc5 $44 {I feel that here White wants to make small improvements, like dc1 and h3, and only then think about taking any decisive action. The d5-pawn is weak, and Black always has to count on the a4-pawn advancing at some point.} Ra5 23. Rxa5 (23. Rdc1 $5 {would be similar}) 23... Qxa5 24. h3 Kh7 25. Rc1 Rc7 $2 {In the post-mortem, Caruana mentioned that he simply misevaluated the following position, thinking he would have good activity with his queen, but soon he realised it was a bad idea. Now White is in full control.} (25... Qa6 $1 {would be a smart move, anticipating White's c5 followed by a5, with ...e2!} 26. Rc5 Qe2 $132) 26. Rxc7 Qxc7 27. Qxb4 $16 Qc1+ 28. Bd1 Ba6 29. Qd4 {We have the same position as before, without the b4-pawn. Now, compared with the middlegame, it is way more valuable to take the pawn back and start advancing the passed a and b-pawns, since they are free and very frightening! Also, there are no rooks to create direct counterplay against them.} Be2 30. Kh2 Bxd1 $6 (30... Qc7+ $1 {forcing White to weaken a little bit} 31. g3 (31. Kg1 Qc1 {repeats the position.}) 31... Bxd1 32. Nxd1 h5 {Being able to play ...h4 at some point and create threats against your opponent's king is usually good. Here it could have been a nice way to look for counterplay.} 33. Kg1 Qc1 $36 {with ...e3 ideas.}) 31. Nxd1 Qc7+ 32. Kg1 $1 {Now there is no need to play g3, like in the 30...c7+ line.} Qc1 33. b4 e3 {The same idea I mentioned earlier, but the big difference is that with the pawn on g2, White's king is much safer.} 34. fxe3 $18 {White is winning. With flawless technique, Carlsen converts the full point:} Ne4 35. Qxd5 Nd2 36. Qf5+ Kh8 37. Qg4 f5 38. Qe2 Ne4 39. Qe1 Qa1 40. a5 Nd6 41. Qd2 {Slowly untangling the position. That is common when you have a lot of additional material but your opponent is active. You have to find space for small improvements and soon the position will play itself.} Nc4 42. Qd4 Qc1 43. Kf1 {Trying to bring the king closer so White can advance his pawns further.} Nxe3+ {Caruana goes for the queen endgame, that should also be hopeless, but the position is very bad anyway.} 44. Qxe3 Qxd1+ 45. Kf2 Qc2+ 46. Kg3 g5 {Black does not want to weaken his king, but he's lost otherwise, so he has to try something like this.} 47. Qe5+ Kh7 48. Kh2 $1 {King safety always in first place in queen endgames!} f4 49. Qd5 Qa4 50. Qf7+ Kh8 51. Qg6 $1 {Simplifying into a clear win:} Qxb4 52. Qxh6+ Kg8 53. Qxg5+ Kh7 54. Qh5+ Kg7 55. Qg5+ Kh7 56. h4 Qd6 57. Qh5+ Kg7 58. Qg5+ Kh7 59. h5 {Somewhat cold-blooded to allow ...f3+, but it's all good for White. The good thing is that g6+ is a very strong threat now.} f3+ 60. g3 f2 61. Qg6+ Kh8 (61... Qxg6 62. hxg6+ Kxg6 63. Kg2 $18 {and the game ends immediately.}) 62. Qxd6 f1=Q 63. Qh6+ Kg8 64. Qe6+ (64. Qg6+ Kh8 65. h6 $4 {would be a way to mess up the position!} Qg2+ $1 {forcing stalemate} 66. Kxg2 $11) 64... Kh8 65. Qe3 {With three pawns up, White has to be just a little bit careful.} Qb5 66. Qc3+ {Finding a good square for the queen.} Kh7 67. g4 Qd5 68. Qc7+ Kg8 69. Kg3 {[%cal Gc7g3]} Qe6 (69... Qd3+ 70. Kh4 $18 {and Black has no more checks already.}) 70. Qd8+ Kh7 71. Qd3+ Kh8 72. a6 Qe5+ 73. Kh3 Qa1 74. Qd8+ Kh7 75. Qe7+ Kh6 76. Qe3+ Kh7 77. a7 {It is nice to see that Carlsen used the same technique always - defending the pawn from the diagonal (a5, c3 - a6, d3 - a7, e3). Now Black resigned, since it's impossible to avoid White giving a check somewhere and then queening that pawn. A superb win from the World Champion!} 1-0